| 000 | 00691cam a2200205 a 4500 | ||
|---|---|---|---|
| 001 | 000004932 | ||
| 005 | 20200929151535.0 | ||
| 008 | 810114s1973 pr 001 p spa | ||
| 040 |
_aDO-SdBNP _bspa _cBNPHU |
||
| 082 |
_aPR860.4 _bL792a, 1973 |
||
| 100 | 1 |
_aLlorens Torres, Luis, _d1876-1944. _94234 |
|
| 245 | 1 | 0 |
_aAlturas de América / _cLuis Llorens Torres; introducción, Carlos de Arce. |
| 250 | _a4a ed. | ||
| 260 |
_aSan Juan : _bCordillera, _c1973. |
||
| 300 |
_a274 p. ; _c19 cm. |
||
| 490 | 1 | _aLos Grandes Escritores de Puerto Rico | |
| 650 | 4 |
_aLiteratura puertorriqueña _9250 |
|
| 700 | 1 |
_aArce, Carlos de, _eintrod. _94236 |
|
| 830 | 0 |
_aLos Grandes Escritores de Puerto Rico _94237 |
|
| 999 |
_c4738 _d4738 |
||